000 00678nam a2200217 a 4500
001 BRCA_2801
005 20190320203956.0
008 081208s1952----sp-a---###---#000-0#spa-u
050 4 _aNA5803
_b.S27 1952
100 1 _aSarthou Carreres, Carlos
_97861
245 1 0 _aCatedrales de España
_bsu pasado y su presente
_cCarlos Sarthou Carreres ; prol. de Angel Dotor.
260 _aMadrid
_bEspasa-Calpe
_c1952
300 _a434 p.
_bil.
_c25 cm.
500 _aAA100
650 1 4 _aCatedrales
_97862
650 1 4 _aArquitectura religiosa
_zEspaña
_97863
650 1 4 _aArquitectura religiosa
_xHistoria
_97864
700 1 _aDotor, Angel
_eprol.
_97865
902 _aGFM
942 _2lcc
_cB
999 _c2541
_d2541